000 00494nam a2200169 a 4500
001 000032162
005 20200930063501.0
008 110713s1998 dr 000 0 spa d
040 _aDO-SdBNP
_bspa
_cBNPHU
082 _axxxx
_bC334l
100 1 _aForestieri S., Rolando,
_d1944-
_958261
245 1 0 _aLeonardo.
260 _aSanto Domingo :
_bCasa de Italia :
_bInstituto Cultural DomĂ­nico Italiano,
_c1998.
300 _a13 p. ;
_c21 cm.
504 _aBibliografĂ­a : [p. 14]
049 _aBNPD
999 _c31653
_d31653